000 00533nam a22001577a 4500
005 20251108164056.0
008 250721s9999 xx 000 0 ara d
082 1 4 _a210.76/حور
100 1 _aالحوراني، منير محمد
245 1 0 _aكنوز المعرفة الإسلامية /
264 1 _aعمان :
_bدار الفكر العالمي للدراسات،
_c[19-].
490 0 _aإختبر معلوماتك الإسلاميه : 625 سؤال وجواب
650 1 7 _aالإسلام
942 _2ddc
_cBK
999 _c2982
_d2982